Countries Closest to Spain - One Minute Sprint - Statistics

General Stats
  • This quiz has been taken 122 times
  • The average score is 15 of 20
Answer Stats
km country miles % Correct
0 Portugal 0
100%
0 France 0
99%
334 Italy 208
97%
0 Andorra 0
96%
0 Morocco 0
94%
68 Algeria 43
89%
671 Germany 417
86%
468 Switzerland 291
86%
805 Belgium 500
79%
374 Monaco 232
78%
498 Tunisia 310
76%
724 Austria 450
75%
760 San Marino 472
69%
719 Vatican City 447
62%
811 Luxembourg 504
60%
686 United Kingdom 426
58%
716 Liechtenstein 445
54%
314 Mauritania 195
52%
860 Ireland 534
44%
816 Mali 507
42%
No matching quizzes found
Score Distribution
Percent of People with Each Score
Percentile by Number Answered
Your Score History
You have not taken this quiz